Les plus grands pays du monde sans désert - Statistiques

Statistiques générales
  • Ce quiz a été pris 14 119 fois
  • Le résultat moyen est 11 sur 20
Statistiques - réponses
Aire (km²) Continent Pays % Correct
640,679 Europe France
90%
2,344,858 Afrique République Démocratique du Congo
85%
357,114 Europe Allemagne
83%
342,000 Afrique République du Congo
78%
1,910,931 Asie Indonésie
66%
377,930 Asie Japon
63%
603,500 Europe Ukraine
63%
513,120 Asie Thaïlande
57%
450,295 Europe Suède
54%
331,212 Asie Viêt Nam
51%
338,424 Europe Finlande
49%
945,087 Afrique Tanzanie
49%
799,380 Afrique Mozambique
44%
330,803 Asie Malaisie
42%
462,840 Océanie Papouasie-Nouvelle-Guinée
42%
676,578 Asie Birmanie
39%
752,612 Afrique Zambie
39%
622,984 Afrique République Centrafricaine
36%
406,752 Amérique Paraguay
26%
619,745 Afrique Soudan du Sud
24%
Aucun quiz correspondant
Distribution des résultats
% des personnes avec chaque résultat
Percentile par nombre de réponses
Votre historique - résultats
Vous n’avez pas pris ce quiz